000
00382nam a2200133Ia 4500
008
100328s9999 xx 000 0 und d
082
_b
67260
100
_a
राजे नयना.
245
_a
अनोख्या वाटा.
260
_b
पारस.
630
_a
अनोख्या वाटा.
730
_a
अनोख्या वाटा.
942
_c
BOOK
999
_c
552999
_d
552996